书目信息 |
| 题名: |
柳宗元选集
|
|
| 作者: | 柳宗元 著 | |
| 分册: | ||
| 出版信息: | 北京 人民文学出版社 1998.02 |
|
| 页数: | 369页 | |
| 开本: | 32开 | |
| 丛书名: | ||
| 单 册: | ||
| 中图分类: | I217.22 | |
| 科图分类: | ||
| 主题词: | 文学--作品集--中国 | |
| 电子资源: | ||
| ISBN: | 7-02-002390-8 | |
| 000 | 00562nam0 2200193 45 | |
| 001 | 0010221014 | |
| 005 | 20001022104023.1 | |
| 010 | @a7-02-002390-8@d25.00元 | |
| 100 | @a20001022d1998 km y0chiy0120 ea | |
| 101 | 0 | @achi |
| 105 | @a z 000yy | |
| 200 | 1 | @a柳宗元选集@ALiu Zong Yuan Xuan Ji@f(唐)柳宗元 著@F(Tang)Liu Zong Yuan Zhu |
| 210 | @a北京@c人民文学出版社@d1998.02 | |
| 215 | @a369页@d32开 | |
| 606 | 0 | @a文学@x作品集@x中国 |
| 690 | @aI217.22@v3 | |
| 701 | 0 | @a柳宗元@4著 |
| 801 | @aCN@bPftUser@c20001022 | |
| 905 | @b181748-752@dI217.22@eL930:2@f5 | |
| 柳宗元选集/(唐)柳宗元 著.-北京:人民文学出版社,1998.02 |
| 369页;32开 |
| ISBN 7-02-002390-8:25.00元 |
| ● |
| 相关链接 |
|
|
|
正题名:柳宗元选集
索取号:I217.22/L930:2
 
预约/预借
| 序号 | 登录号 | 条形码 | 馆藏地/架位号 | 状态 | 备注 |
| 1 | 181748 | 201817481 | 文学库108/108文学库 15排7列2层/ [索取号:I217.22/L930:2] | 在馆 | |
| 2 | 181749 | 201817490 | 文学库108/108文学库 15排7列2层/ [索取号:I217.22/L930:2] | 在馆 | |
| 3 | 181750 | 201817506 | 社科二线400B/400B社科库 12排2列1层/ [索取号:I217.22/L930:2] | 在馆 | |
| 4 | 181751 | 201817515 | 文学库108/108文学库 15排7列2层/ [索取号:I217.22/L930:2] | 在馆 | |
| 5 | 181752 | 201817524 | 社科二线400B/400B社科库 12排2列1层/ [索取号:I217.22/L930:2] | 在馆 |